00974nam a2200277 i 4500001001000000003000900010005001700019007000300036008004100039040003000080041000800110082002300118100005300141245006300194264007700257300002800334336002700362337003300389338002800422490002700450500004300477600007000520650002400590650002700614700005500641000009293DO-SdBNP20260306102306.0ta090929s1952 dr r 000 p spa d aDO-SdBNPbspacBNPHUerda aspa74a861.408bM632f2221 aMieses Burgos, Franklin,d1907-1976eautor4aut.10aAntología /cselección y prólogo, Freddy Gaton Arce. 1aCiudad Trujillo, República Dominicana :bLibrería Dominicana,c1952. a161 páginas ;c19 cm. atextobtxt2rdacontent asin mediaciónbn2rdamedia avolumenbnc2rdacarrier1 aPensamiento dominicano aIncluye notas al pie de las páginas.10aMieses Burgos, Franklin,d1907-1976xCrítica e interpretación 0aPoesía dominicana 0aLiteratura dominicana.1 aGatón Arce, Freddy,d1920-1994eprologuista4pr.